000 00712nam a2200253Ia 4500
003 OSt
005 20220927111227.0
006 a|||||r|||| 00| 0
007 ta
008 220926b |||||||| |||| 00| 0 eng d
024 _a99759
037 _cReports
040 _aRTL
_cRTL
_beng
041 _2eng
_aeng
082 _a"X9(KZ).235r, L5/GD"
110 _aMaharashtra Annual Husbandry (Deptt)
_9381694
245 0 _aAnnual report
260 _aBombay
_bGovernment Press India
_c1975
490 _v1974-75
650 _aAnimal Husbandry Industry
700 _aMaharashtra Annual Husbandry (Deptt)
_9381695
942 _h"X9(KZ).235r, L5/GD"
_cCC
999 _c698855
_d698855